Inconstitucionalidad de la adhesión de la provincia de Buenos Aires al procedimiento diseñado por la ley 27348 (Registro nro. 18922)

Detalles MARC
000 -LEADER
fixed length control field 00386 a2200109 4500
001 - CONTROL NUMBER
control field ART_44036
005 - DATE AND TIME OF LATEST TRANSACTION
control field 20260410161743.0
008 - FIXED-LENGTH DATA ELEMENTS--GENERAL INFORMATION
fixed length control field 260409a
100 1# - MAIN ENTRY--PERSONAL NAME
Personal name Formaro, Juan J.
245 10 - TITLE STATEMENT
Title Inconstitucionalidad de la adhesión de la provincia de Buenos Aires al procedimiento diseñado por la ley 27348
773 0# - HOST ITEM ENTRY
Title Doctrina laboral
Related parts - Nº 383 (jul. 2017)
Record control number REV4049

No hay ítems disponibles.